Automatizované vyhodnotenie použiteľnosti webovej stránky z pohľadu používateľského zážitku

Saved in:
Bibliographic Details
Main Author: Schwartz, Matej (Author)
Other Authors: Kuric, Eduard (Thesis advisor)
Format: Manuscript Book
Language:Slovak
Published: 2016
Subjects:
Online Access:http://is.stuba.sk/zp/portal_zp.pl?podrobnosti=107644
Tags: Add Tag
No Tags, Be the first to tag this record!

MARC

LEADER 00000ntm a22000003a 4500
001 stuzp59195
003 SK-STU
005 20160719155806.7
007 ta
008 150427s2015----xo-----f-mn---000-0-slo-d
040 |a STU  |b slo 
041 0 |a slo 
100 1 |a Schwartz, Matej  |u 070200  |4 aut  |U FIIT Fakulta informatiky a informačných technológií  |T FIIT Ústav informatiky, informačných systémov a softvérového inžinierstva  |X 73186  |U I200  |Y 179  |7 73186 
242 0 1 |a Automated evaluation of website usability in terms of user experience  |y eng 
245 1 0 |a Automatizované vyhodnotenie použiteľnosti webovej stránky z pohľadu používateľského zážitku 
260 |c 2016 
650 4 |a automatizované vyhodnocovanie  |2 slo 
650 4 |a použiteľnosť webovej stránky  |2 slo 
650 4 |a webová stránka  |2 slo 
650 4 |a website usability  |2 eng 
650 4 |a automated evaluation  |2 eng 
650 4 |a website  |2 eng 
700 1 |a Kuric, Eduard  |u 070200  |k Z2  |4 ths  |U FIIT Fakulta informatiky a informačných technológií  |T FIIT Ústav informatiky, informačných systémov a softvérového inžinierstva  |X 17452  |U I200  |Y 179  |7 17452 
856 4 |u http://is.stuba.sk/zp/portal_zp.pl?podrobnosti=107644 
996 |b 284ID00198  |c I*BAP 51/2016  |l II680  |s P  |a 0  |w stuzp59195_0001 
SQL |a stuzp59195  |b DBP  |c SLO  |d Automatizované vyhodnotenie použiteľnosti webovej stránky z pohľadu používateľského zážitku  |e 73186  |f Schwartz, Matej  |g 070200  |h 17452  |i Kuric, Eduard  |j 20160621  |k 202  |l 07  |m http://is.stuba.sk/zp/portal_zp.pl?podrobnosti=107644  |n B-INFO  |o 9.2.1. informatika